01000 a2200181 4500003000500000005001700005010001600022020002200038020001700060040000900077082001900086100002200105245005800127260003400185300002900219505054500248650002500793NUST20230126132033.0 a 80467724 a0709901798 (pbk.) a0856648000 : cNust00a909.097671,SAR1 aSardar, Ziauddin.14aThe future of Muslim civilisation /cZiauddin Sardar. aLondon :bCroom Helm,cc1979. a288 p. :bill. ;c23 cm. aIntroduction (Page-13), The Parameters of Muslim Civilisation (Page-23), Parmenance and Change in Islam (Page-41), Dominant paradigms and Dominant Trends (Page-56), World Systems and the Muslim System (Page-76), Project Umran: Regenerating the Muslim System (Page-116), Planning for Future Generations (Page-130), A Research Approach for the Future (Page-151), The Future in the Past (Page-167), The Future in the Past (Page-167), The Future in the Present (Page-189), Goals of the Muslim System (Page-215), The Reason for Hope (Page-230).  0aIslamy20th century.